Popularne numery rap/trap tygodnia 29.01-04.02 Spotify. - Statystyki

Ogólne statystyki
  • Ten quiz został rozwiązany 19 razy
  • Średni wynik to 21 z 30
Statystyki odpowiedzi
Wykonawca Odsłuchania Utwór % Poprawnych
Guzior 716K BLUEBERRY
95%
Quebonafide, Daria Zawiałow 374K BUBBLETEA
95%
Guzior, Oskar83 623K FALA
95%
Żabson, Young Leosia, Beteo, Borucci 359K ULALA
95%
Mata, Wyguś, Szczepan, Adam 255K GOMBAO 33
89%
Young Leosia 373K Szklanki
89%
Reto 389K Billy Kid
84%
Bedoes, Lanek 254K Doda
84%
Sobel 354K Impreza
84%
Kabe 436K Nad ranem
84%
Wiatr, Sobel, Be Vis 478K Testarossa
84%
Żabson, Mata 276K Aromatyczne Przyprawy
79%
Alberto 370K Dwutakt
79%
Żabson 644K OBOK
79%
Kizo, Trill Pem 370K Fitness
74%
Wac Toja 279K Kapitan
74%
Sobel 346K Kinol
68%
Taco Hemingway 301K Polskie Tango
68%
Qry 267K Bierz do buzi
63%
Bedoes, Lanek 338K Chrome Hearts /
63%
Tymek, Kuba Karaś, Urbanski 273K Oczko w głowie
63%
Guzior 265K TRAPSTAR
63%
Favst, Gibbs, Kukon 278K halo
58%
Żabson, Benito TUZZA, Beteo 261K Hood Angel
58%
Mata 253K Schodki
53%
Bedoes, Lanek 514K TOA$T /
53%
Chivas, White 2115 398K Mam Na Twarzy Krew I Tym Razem Nie Jest Sztuczna
47%
Bedoes, Lanek 361K NBP /
42%
PRO8L3M, Brodka 318K Żar
42%
Bedoes, Lanek 248K City Boy
32%
Nie znaleziono quizów pasujących do podanych kryteriów
Rozkład punktacji
Procent ludzi z każdym wynikiem
Percentyl według liczby udzielonych odpowiedzi
Twoja historia wyników
Nie rozwiązałeś tego quizu